1522 1369 1069 1543 1694 1116 1607 1323 1640 1610 1540 1958 1714 1454 1423 1815 1945 1024 1314 1592 1118 1173 1065 1796 1568 1058 1272 1851 1464 1724 1794 1834 1722 1753 1425 1045 1053 1269 1714 1825 1470 1389 1899 1730 1545 1251 1992 1076 1943 1750 1174 1912 1013 1347 1245 1008 1055 1458 1638 1317 1641 1521 1653 1345 1427 1964 1890 1830 1055 1630 1348 1016 1037 1358 1662 1858 1244 1935 1977 1493 1375 1006 1331 1168 1012 1687 1437 1765 1178 1149 1798 1143 1386 1939 1358 1767 1888 1999 1609 BCNSPRNW ULIB Ver.6.0+V

เปลี่ยนเป็นภาษาไทย

Change to English
 แสดงรายละเอียดบรรณานุกรม
  กลับหน้าหลัก

Brief Record : Get Marc (ISO 2709) : E-mail record : QR code < ปิดหน้าต่าง
LEADER : 00000nam 2200000uu 4500
001    13399112974
003     ULIB
008    110920s2554||||th 000 0 tha d
020    9789743483165
060 04 WY32.JT3^bก118 2554
245 00 กฏหมายวิชาชีพการพยาบาลและจรรยาบรรณวิชาชีพพยาบาล =^bL&E NR(Laws and ethics nursing review) /^cโดย เพื่อนช่วยจำ
246 31 L&E NR (Laws and ethics nursing review)
260    [ม.ป.ท. :^bม.ป.พ.],^c2554
300    202 หน้า ;^c26 ซม.
650  4 การพยาบาล^xกฏหมายและระเบียบข้อบังคับ
650  4 การพยาบาล^xคำถามและคำตอบ
650  4 การพยาบาล^xข้อสอบและเฉลย
650  4 จรรยาบรรณพยาบาล
700 0  เพื่อนช่วยจำ
945    ^p199^l0^i18562
945    ^p199^l0^i18563
945    ^p199^l0^i18738
945    ^p199^l0^i18739
945    ^p199^l0^i19281
945    ^p199^l0^i19282
995     กัณชพร
999 ^a ใช้งานได้ทุกระบบ
รายการนี้ยังไม่มีแท็ก
คุณยังไม่ได้ล็อกอิน คุณสามารถมีกิจกรรมร่วมกับเว็บไซต์ได้ แต่ต้องล็อกอินก่อน ::
  ล็อกอิน

รายการสื่อสารสนเทศ

ลำดับที่ ประเภท เลขเรียก/บาร์โค้ด สถานที่ สถานะ
1. Book การพยาบาล
Book การพยาบาล
WY32.JT3 ก118 2554 ฉ.1 
  Barcode: 18562
ห้องสมุดวิทยาเขตนครสวรรค์
►ส่วนจัดเก็บหนังสือเก่า นว.
บนชั้น
  ขอยืม
2. Book การพยาบาล
Book การพยาบาล
WY32.JT3 ก118 2554 ฉ.2 
  Barcode: 18563
ห้องสมุดวิทยาเขตนครสวรรค์
►หนังสือทั่วไป:l:General Books
บนชั้น
3. Book การพยาบาล
Book การพยาบาล
WY32.JT3 ก118 2554 ฉ.3 
  Barcode: 18738
ห้องสมุดวิทยาเขตนครสวรรค์
►ส่วนจัดเก็บหนังสือเก่า นว.
บนชั้น
  ขอยืม
4. Book การพยาบาล
Book การพยาบาล
WY32.JT3 ก118 2554 ฉ.4 
  Barcode: 18739
ห้องสมุดวิทยาเขตนครสวรรค์
►ส่วนจัดเก็บหนังสือเก่า นว.
บนชั้น
  ขอยืม
5. Book การพยาบาล
Book การพยาบาล
WY32.JT3 ก118 2554 ฉ.5 
  Barcode: 19281
ห้องสมุดวิทยาเขตนครสวรรค์
►ส่วนจัดเก็บหนังสือเก่า นว.
บนชั้น
  ขอยืม
6. Book การพยาบาล
Book การพยาบาล
WY32.JT3 ก118 2554 ฉ.6 
  Barcode: 19282
ห้องสมุดวิทยาเขตนครสวรรค์
►ส่วนจัดเก็บหนังสือเก่า นว.
บนชั้น
  ขอยืม

รายการใกล้เคียง
    หัวเรื่อง [จรรยาบรรณพยาบาล]

BibComment


ยังไม่เคยถูกคอมเมนท์

คอมเมนท์ทรัพยากรรายการนี้
  คอมเมนท์: กฏหมายวิชาชีพการพ..


 Copyright 2026. Bcnsprnw @Library